Этот трудный, трудный путь: экономическая реформа; сборник статей

מידע ביבליוגרפי
מחברים אחרים: Абалкин Л. И. (редактор)
סיכום:Исключено из фонда НТБ ТПУ
שפה:רוסית
יצא לאור: Москва, Мысль, 1989
פורמט: MixedMaterials ספר
KOHA link:https://koha.lib.tpu.ru/cgi-bin/koha/opac-detail.pl?biblionumber=210523

MARC

LEADER 00000nam0a2200000 4500
001 210523
005 20231031192107.0
010 |a 5244004700 
020 |a RU  |b 89-79833 
035 |a (RuTPU)RU\TPU\book\229928 
090 |a 210523 
100 |a 20120227d1989 m a0rusy5003 ca 
101 0 |a rus 
102 |a RU 
105 |a y z 001zy 
200 1 |a Этот трудный, трудный путь  |e экономическая реформа   |e сборник статей  |f под ред. Л. И. Абалкина 
210 |a Москва  |c Мысль  |d 1989 
215 |a 271 с.  |d 22 см 
333 |a Исключено из фонда НТБ ТПУ 
702 1 |a Абалкин  |b Л. И.  |4 340 
801 0 |a RU  |b RuMRKP  |c 19950417  |g psbo 
801 1 |a RU  |b 63413507  |c 20120227 
801 2 |a RU  |b 63413507  |c 20170124  |g RCR 
942 |c BK